Pays et géographie : fausse lettre - Statistiques

Statistiques générales
  • Ce quiz a été pris 113 fois
  • Le résultat moyen est 7 sur 8
Statistiques - réponses
Hint Réponse % Correct
Balte Malte
99%
Irun Iran
97%
Manama Panama
97%
Laon Laos
96%
Ande Inde
95%
Bali Mali
90%
Bologne Pologne
90%
Oran Oman
81%
Aucun quiz correspondant
Distribution des résultats
% des personnes avec chaque résultat
Percentile par nombre de réponses
Votre historique - résultats
Vous n’avez pas pris ce quiz